000 01133nam a2200181 a 4500
005 20140414131853.0
008 100813s19uu xx 00 eng d
020 _a0439792029
050 _aM 700
_bD53 2005
100 _aDickins, Rosie.
245 _aThe Usborne introduction to art :
_bin association with the National Gallery, London.
_cRosie Dickins with Mari Griffith ; art historical advisor, Erika Langmuir ; edited by Jane Chisholm ; designed by Mary Cartwright, Vici Leyhane and Ca
260 _aNew York :
_bScholastic,
_c2005, c2003.
500 _aIntroduction -- Ancient and medieval art -- Renaissance -- Baroque and Rococo -- Revolution -- Modern world -- Behind the scenes. Originally published in 2003 by Usborne Publishing Ltd. Includes index.
520 _aDetailed introduction to the history of art with Internet links about featured artists and examples of their work and works by related artists.
650 _aArt appreciation --Juvenile literature.
650 _aArt --Computer network resources --Juvenile literature.
999 _c110309
_d110309